000 01145nam0a22002651 4500
001 rc\271761
005 20030307115905.1
035 _a(NLR Aleph) 005482109
090 _a5130390
_c5130390
100 _a20030307d1990 u |0rusy50 ca
101 0 _arus
102 _aRU
105 _ay |||||||||
200 1 _aТОПОЛОГИЧЕСКОЕ проектирование нерегулярных структур низкочастотных тонкопленочных микросборок
_e[Метод. рекомендации]
_fРесп. дом. экон. и науч.-техн. пропаганды
_g[Подгот. к. т. н. С.П. Ткаченко и др.]
210 _aКиев
_cРДЭНТП
_d1990
215 _a[1], 24 с.
_d20
225 1 _aВ помощь лектору
320 _aБиблиогр.: с. 22-24
702 1 _aТкаченко
_bС. П.
_gСергей Петрович
_4570
712 0 2 _aУкраинский респ. дом экон. и науч.-техн. пропаганды
_cКиев
801 0 _aRU
_bNLR
_gpsbo
801 1 _aRU
_bELAR
_2rusmarc
852 _aNLR
_j91-4/1600
942 _cBOOK
980 _aNB